000 00611pam a2200157a 44500
008 230515b2013 xxu||||| |||| 00| 0 eng d
020 _aNULL
041 _aENGLISH
082 _a1
100 _aVD. P.M. KHANDAGLE
245 _aASSESSMENT OF FOETAL NOURISHMENT GARBHAPOSHAN WITH SHATAVARI & YASHTIMAHEE ( SYV0 IN HYPERTENSION IN PREGNANCY BY EVALUATION FOETAL AND NEONATAL WEIGHT
250 _a1
260 _a
_bN.D.
_c2013
300 _a500
650 _aASSESSMENT OF FOETAL NOURISHMENT GARBHAPOSHAN WITH SHATAVARI & YASHTIMAHEE ( SYV0 IN HYPERTENSION IN PREGNANCY BY EVALUATION FOETAL AND NEONATAL WEIGHT
999 _c498563
_d498563